| 000 | 00633nam a2200205 a 4500 | ||
|---|---|---|---|
| 005 | 20140412111352.0 | ||
| 008 | 050425s19uu xx 00 eng d | ||
| 020 | _a0-02-660838-3 | ||
| 050 |
_aTR(GS 372.4 _bJ231 2000 |
||
| 100 | _aJames, Nancy | ||
| 245 |
_aThe cab : _bdecodable book / _cby Nancy James ; illustrated by Len Epstein. |
||
| 260 |
_aColumbus, Ohio : _bSRA/McGraw-Hill, _c2000. |
||
| 300 | _a8 p. ; ill. | ||
| 440 | _aSRA Open Court Reading | ||
| 500 | _aLevel B, Set 1, Book 13 | ||
| 650 |
_aReading _xPhonetics _xJuvenile literature |
||
| 650 |
_aCars _xFiction |
||
| 650 | _aChildren stories | ||
| 999 |
_c105336 _d105336 |
||